Podnikání a ekonomický rozvoj: jaký je rozdíl mezi neorakouskou a novou institucionální ekonomii?
Objasnenie úlohy podnikateľa v ekonomickom rozvoji z pohľadu neorakúskej a novej inštitucionálnej ekonómie a porovnanie obidvoch pohľadov.
Salvato in:
| Autore principale: | |
|---|---|
| Altri autori: | |
| Natura: | Capitolo di libro |
| Lingua: | ceco |
| Soggetti: | |
| Tags: |
Nessun Tag, puoi essere il primo ad aggiungerne!!
|
MARC
| LEADER | 00000naa a2200000 4500 | ||
|---|---|---|---|
| 001 | 0123790 | ||
| 005 | 20231121105506.6 | ||
| 041 | 0 | |a cze | |
| 044 | |a CZ | ||
| 245 | 1 | 0 | |a Podnikání a ekonomický rozvoj: jaký je rozdíl mezi neorakouskou a novou institucionální ekonomii? |c Ladislava Grochová, Tomáš Otáhal |
| 520 | |a Objasnenie úlohy podnikateľa v ekonomickom rozvoji z pohľadu neorakúskej a novej inštitucionálnej ekonómie a porovnanie obidvoch pohľadov. | ||
| 610 | 2 | 0 | |a podnikanie |
| 610 | 2 | 0 | |a teórie ekonomické |
| 610 | 2 | 0 | |a neoinštitucionalizmus |
| 610 | 2 | 0 | |a rozvoj hospodársky |
| 100 | 1 | |a Grochová, Ladislava | |
| 700 | 1 | |a Otáhal, Tomáš | |